[Event "17. Obert Int. Sant Marti 2015"]
[Site "Barcelona ESP"]
[Date "2015.07.20"]
[Round "8.17"]
[White "Castrillon Gomez, Melissa"]
[Black "Swapnil, S. Dhopade"]
[Result "0-1"]
[WhiteElo "2199"]
[BlackElo "2453"]
[PlyCount "72"]
[EventDate "2015.07.13"]
[EventType "swiss"]
[EventRounds "9"]
[EventCountry "ESP"]
[SourceTitle "Ajedrez en Madrid"]
[Source "lmi"]
[SourceDate "2013.07.13"]
[SourceVersion "1"]
[SourceVersionDate "2019.06.24"]
[SourceQuality "1"]

1. e4 c6 2. d4 d5 3. Nc3 dxe4 4. Nxe4 Bf5 5. Ng3 Bg6 6. h4 h6 7. Nh3 Nf6 8. Nf4
Bh7 9. Bc4 e6 10. O-O Bd6 11. Re1 O-O 12. c3 c5 13. Qf3 Nc6 14. Be3 cxd4 15.
cxd4 e5 16. Nfh5 Nxh5 17. Nxh5 Qxh4 18. g3 Qe4 19. Qxe4 Bxe4 20. d5 Ne7 21. Bc5
Bxc5 22. Rxe4 Ng6 23. Rd1 Rad8 24. b3 Rd6 25. Be2 Rfd8 26. Rc4 Bb6 27. Bf3 Ne7
28. Re1 f6 29. Nf4 R8d7 30. Ne6 Nxd5 31. Rc8+ Kf7 32. Nc5 Bxc5 33. Rxc5 Nb4 34.
Rb5 Nd3 35. Rd1 b6 36. Bg4 Rd8 0-1

[Event "17. Obert Int. Sant Marti 2015"]
[Site "Barcelona ESP"]
[Date "2015.07.20"]
[Round "8.18"]
[White "Ayza Leon, David"]
[Black "Erdogdu, Mert"]
[Result "0-1"]
[WhiteElo "2208"]
[BlackElo "2426"]
[PlyCount "104"]
[EventDate "2015.07.13"]
[EventType "swiss"]
[EventRounds "9"]
[EventCountry "ESP"]
[SourceTitle "Ajedrez en Madrid"]
[Source "lmi"]
[SourceDate "2013.07.13"]
[SourceVersion "1"]
[SourceVersionDate "2019.06.24"]
[SourceQuality "1"]

1. e4 e5 2. Nf3 Nc6 3. Bc4 Nf6 4. d3 Bc5 5. c3 O-O 6. Nbd2 a6 7. a4 Re8 8. O-O
h6 9. b4 Ba7 10. Qb3 Qe7 11. Nh4 d6 12. Ng6 Qd7 13. a5 Nd8 14. Nf3 Kh7 15. Ngh4
c6 16. Qc2 d5 17. exd5 cxd5 18. d4+ e4 19. Ne5 Qe7 20. Bb3 Kg8 21. g3 Bh3 22.
Re1 Rc8 23. Be3 Ne6 24. Qd2 Red8 25. Ng2 Ng4 26. f4 Nc7 27. Nxg4 Bxg4 28. Bf2
Be6 29. Ne3 f5 30. Rac1 Kh7 31. h3 g5 32. Ng2 Nb5 33. Be3 Rg8 34. Kh2 Bb8 35.
Bd1 Rg7 36. Be2 Nd6 37. Rg1 Bd7 38. h4 gxh4 39. Nxh4 Rcg8 40. Rg2 Qxh4+ 41.
gxh4 Rxg2+ 42. Kh1 Nc4 43. Bxc4 Rxd2 44. Bxd5 Rd3 45. Bxg8+ Kxg8 46. Rg1+ Kf7
47. Rg3 Rxc3 48. Kg2 Bd6 49. Kf2 Bxb4 50. h5 Rc2+ 51. Kg1 Bxa5 52. Rg6 Rc6 0-1

[Event "17. Obert Int. Sant Marti 2015"]
[Site "Barcelona ESP"]
[Date "2015.07.20"]
[Round "8.19"]
[White "Morales, Jhon Alexander"]
[Black "Codenotti, Marco"]
[Result "1/2-1/2"]
[WhiteElo "2308"]
[BlackElo "2421"]
[PlyCount "119"]
[EventDate "2015.07.13"]
[EventType "swiss"]
[EventRounds "9"]
[EventCountry "ESP"]
[SourceTitle "Ajedrez en Madrid"]
[Source "lmi"]
[SourceDate "2013.07.13"]
[SourceVersion "1"]
[SourceVersionDate "2019.06.24"]
[SourceQuality "1"]

1. e4 c5 2. Nf3 d6 3. d4 cxd4 4. Nxd4 Nf6 5. Nc3 a6 6. Be3 e5 7. Nf3 Be7 8. Bc4
O-O 9. O-O Qc7 10. Bb3 Be6 11. Bg5 Nbd7 12. Qe2 b5 13. Rfd1 Rac8 14. Bxf6 Nxf6
15. a3 Qb7 16. Qe3 h6 17. Rac1 Rc5 18. Rd3 a5 19. Bxe6 fxe6 20. Nd2 Ng4 21. Qh3
Nxf2 22. Qxe6+ Kh8 23. Rf3 Rxf3 24. gxf3 Bg5 25. Kxf2 Bxd2 26. Qxd6 Bxc3 27.
bxc3 Rxc3 28. Qf8+ Kh7 29. Qf5+ Kg8 30. Rd1 Rxc2+ 31. Kg3 Qb6 32. Kh3 Qf6 33.
Rd5 Qxf5+ 34. exf5 Rb2 35. Rxe5 a4 36. Kg3 Kf7 37. h4 Kf6 38. Kf4 Rh2 39. Rxb5
Rxh4+ 40. Kg3 Rc4 41. Ra5 Kg5 42. Ra7 Kxf5 43. Rxg7 Rc3 44. Rh7 Kg6 45. Ra7
Rxa3 46. Ra6+ Kg5 47. Ra5+ Kf6 48. Ra6+ Ke5 49. Rxh6 Kd4 50. Ra6 Kc4 51. Kg4
Kb5 52. Ra8 Rc3 53. f4 Kb4 54. f5 a3 55. f6 Rc7 56. Kf5 Kb3 57. Kg6 a2 58. Rxa2
Kxa2 59. f7 Rxf7 60. Kxf7 1/2-1/2

[Event "17. Obert Int. Sant Marti 2015"]
[Site "Barcelona ESP"]
[Date "2015.07.20"]
[Round "8.20"]
[White "Munoz Pantoja, Miguel"]
[Black "Mateus, Alejandro"]
[Result "1-0"]
[WhiteElo "2430"]
[BlackElo "2283"]
[PlyCount "63"]
[EventDate "2015.07.13"]
[EventType "swiss"]
[EventRounds "9"]
[EventCountry "ESP"]
[SourceTitle "Ajedrez en Madrid"]
[Source "lmi"]
[SourceDate "2013.07.13"]
[SourceVersion "1"]
[SourceVersionDate "2019.06.24"]
[SourceQuality "1"]

1. e4 c5 2. Nf3 g6 3. d4 cxd4 4. Nxd4 Nc6 5. c4 Nf6 6. Nc3 d6 7. Be2 Nxd4 8.
Qxd4 Bg7 9. Be3 O-O 10. Qd2 Be6 11. O-O Qa5 12. Rac1 Rfc8 13. b3 Nd7 14. f4 Nc5
15. Bf3 Qb4 16. Bd4 Bh6 17. Qe3 a6 18. e5 Nd7 19. exd6 exd6 20. Nd5 Bxd5 21.
Bxd5 Rc7 22. Qe7 Rf8 23. f5 Bg7 24. Bxg7 Kxg7 25. fxg6 hxg6 26. Rxf7+ Rxf7 27.
Qxf7+ Kh6 28. Rf1 Qb6+ 29. Kh1 Ne5 30. Qf4+ Kh7 31. Qh4+ Kg7 32. Qf6+ 1-0

[Event "17. Obert Int. Sant Marti 2015"]
[Site "Barcelona ESP"]
[Date "2015.07.20"]
[Round "8.21"]
[White "Fernandez Diaz, Cristian"]
[Black "Thejkumar, M. S.."]
[Result "0-1"]
[WhiteElo "2272"]
[BlackElo "2467"]
[PlyCount "100"]
[EventDate "2015.07.13"]
[EventType "swiss"]
[EventRounds "9"]
[EventCountry "ESP"]
[SourceTitle "Ajedrez en Madrid"]
[Source "lmi"]
[SourceDate "2013.07.13"]
[SourceVersion "1"]
[SourceVersionDate "2019.06.24"]
[SourceQuality "1"]

1. d4 d5 2. c4 e6 3. Nc3 c6 4. Nf3 dxc4 5. g3 b5 6. Bg2 Bb7 7. Ne5 a6 8. a4 Nf6
9. O-O Qb6 10. e4 Nbd7 11. Be3 Rd8 12. Qe2 c5 13. axb5 axb5 14. Nxd7 Rxd7 15.
dxc5 Bxc5 16. Bxc5 Qxc5 17. Ra5 Bc6 18. e5 Bxg2 19. Kxg2 Qc6+ 20. Qf3 Nd5 21.
Nxb5 O-O 22. Kg1 Ne7 23. Qe2 Qb6 24. b4 Nc6 25. Qxc4 Nxa5 26. bxa5 Qxa5 27. Rc1
Rd5 28. Nd4 Rxe5 29. Nf3 Rd5 30. Qf4 h6 31. g4 Qd8 32. Kg2 Rd3 33. Rc5 Qd6 34.
Qc4 Rd8 35. g5 Rd5 36. Rc6 Qe7 37. gxh6 gxh6 38. Qf4 Qf8 39. h3 Qg7+ 40. Kh2
Rf5 41. Qe3 Qf6 42. Kg2 Kh8 43. Rc3 Rd1 44. Kh2 Qg7 45. Rc8+ Kh7 46. Qe4 Rf1
47. Rc2 Qg6 48. Qg4 Qxg4 49. hxg4 Rxf3 50. Kg2 R3xf2+ 0-1

[Event "17. Obert Int. Sant Marti 2015"]
[Site "Barcelona ESP"]
[Date "2015.07.20"]
[Round "8.22"]
[White "Larsson, Anders"]
[Black "Vassallo Barroche, Mauricio"]
[Result "0-1"]
[WhiteElo "2242"]
[BlackElo "2430"]
[PlyCount "96"]
[EventDate "2015.07.13"]
[EventType "swiss"]
[EventRounds "9"]
[EventCountry "ESP"]
[SourceTitle "Ajedrez en Madrid"]
[Source "lmi"]
[SourceDate "2013.07.13"]
[SourceVersion "1"]
[SourceVersionDate "2019.06.24"]
[SourceQuality "1"]

1. e4 c5 2. Nf3 g6 3. Bc4 Bg7 4. O-O Nc6 5. Re1 e6 6. c3 Nge7 7. d4 cxd4 8.
cxd4 d5 9. exd5 exd5 10. Bb3 O-O 11. h3 h6 12. Nc3 Be6 13. Bf4 Nf5 14. Be5 Rc8
15. Bxg7 Kxg7 16. Qd3 Na5 17. Re5 Ne7 18. Rae1 Rc6 19. h4 Nxb3 20. axb3 Ng8 21.
h5 g5 22. Ne2 Qc8 23. Ng3 Rc1 24. Qe3 Rxe1+ 25. Qxe1 Nf6 26. Re3 Ng4 27. Rc3
Qb8 28. Qc1 Rc8 29. Rxc8 Qxc8 30. Qc5 b6 31. Qxc8 Bxc8 32. Ne5 Nxe5 33. dxe5 f6
34. exf6+ Kxf6 35. Kf1 Ba6+ 36. Ke1 Ke5 37. Kd2 Bb5 38. Ke3 d4+ 39. Kd2 g4 40.
Ne2 a5 41. Nc1 Ke4 42. Ne2 Ba6 43. Ng3+ Ke5 44. Ne2 Bb7 45. g3 Ke4 46. b4 axb4
47. Nf4 Ba6 48. Ne6 Bc4 0-1

[Event "17. Obert Int. Sant Marti 2015"]
[Site "Barcelona ESP"]
[Date "2015.07.20"]
[Round "8.23"]
[White "Deshpande, Aniruddha"]
[Black "Akbarinia, Sayed Arash"]
[Result "1/2-1/2"]
[WhiteElo "2268"]
[BlackElo "2413"]
[PlyCount "100"]
[EventDate "2015.07.13"]
[EventType "swiss"]
[EventRounds "9"]
[EventCountry "ESP"]
[SourceTitle "Ajedrez en Madrid"]
[Source "lmi"]
[SourceDate "2013.07.13"]
[SourceVersion "1"]
[SourceVersionDate "2019.06.24"]
[SourceQuality "1"]

1. c4 c6 2. Nf3 d5 3. e3 Nf6 4. b3 g6 5. Bb2 Bg7 6. Be2 O-O 7. O-O Nbd7 8. d3
Re8 9. Nbd2 e5 10. cxd5 cxd5 11. Rc1 b6 12. Rc2 Ba6 13. d4 Bxe2 14. Qxe2 e4 15.
Ne1 h5 16. Ba3 Re6 17. Nb1 Ng4 18. h3 Nh6 19. Nc3 Nf6 20. Nb5 Ne8 21. g3 h4 22.
g4 f5 23. f4 exf3 24. Qxf3 fxg4 25. hxg4 Qg5 26. Ng2 Rf6 27. Nf4 Qxg4+ 28. Qxg4
Nxg4 29. Nxd5 Rxf1+ 30. Kxf1 Rd8 31. Nbc3 Nef6 32. Nxf6+ Bxf6 33. Nd1 g5 34.
Rg2 Nh6 35. Nf2 Re8 36. e4 Bxd4 37. Rxg5+ Kh7 38. Rh5 Kg6 39. Rxh4 Rc8 40. Nd3
Bf6 41. Rf4 Kg5 42. Rf2 Ng4 43. Re2 Bd4 44. Bb2 Bxb2 45. Rxb2 Rd8 46. Ke2 Rd4
47. Nf2 Nxf2 48. Kxf2 Kf4 49. Ke2 Kxe4 50. Rc2 Rd7 1/2-1/2

[Event "17. Obert Int. Sant Marti 2015"]
[Site "Barcelona ESP"]
[Date "2015.07.20"]
[Round "8.24"]
[White "Alarcon Casellas, Rolando"]
[Black "Olivares Canelles, Francisco"]
[Result "0-1"]
[WhiteElo "2411"]
[BlackElo "2270"]
[PlyCount "64"]
[EventDate "2015.07.13"]
[EventType "swiss"]
[EventRounds "9"]
[EventCountry "ESP"]
[SourceTitle "Ajedrez en Madrid"]
[Source "lmi"]
[SourceDate "2013.07.13"]
[SourceVersion "1"]
[SourceVersionDate "2019.06.24"]
[SourceQuality "1"]

1. e4 e5 2. Nf3 Nc6 3. Bb5 a6 4. Ba4 Nf6 5. Qe2 b5 6. Bb3 Be7 7. c3 O-O 8. d4
d6 9. Nbd2 Re8 10. Ng5 d5 11. exd5 Na5 12. dxe5 Nxb3 13. Nxb3 Nxd5 14. Nf3 Bg4
15. O-O Bd6 16. Qd2 Bf8 17. Re1 Bxf3 18. gxf3 Qd7 19. Qd3 c5 20. Qe4 Rad8 21.
f4 Qh3 22. Be3 Re6 23. Kh1 Rh6 24. Qg2 Qf5 25. Rad1 Qh5 26. Rxd5 Rxd5 27. f5
Rxe5 28. Rg1 Rf6 29. Bxc5 Rfxf5 30. Bxf8 Rg5 31. Qa8 Rxg1+ 32. Kxg1 Re1+ 0-1

[Event "17. Obert Int. Sant Marti 2015"]
[Site "Barcelona ESP"]
[Date "2015.07.20"]
[Round "8.25"]
[White "Stoeri, Simon"]
[Black "Cruz, Filemon"]
[Result "0-1"]
[WhiteElo "2229"]
[BlackElo "2402"]
[PlyCount "96"]
[EventDate "2015.07.13"]
[EventType "swiss"]
[EventRounds "9"]
[EventCountry "ESP"]
[SourceTitle "Ajedrez en Madrid"]
[Source "lmi"]
[SourceDate "2013.07.13"]
[SourceVersion "1"]
[SourceVersionDate "2019.06.24"]
[SourceQuality "1"]

1. e4 e5 2. Nf3 Nc6 3. Bc4 Bc5 4. c3 Nf6 5. d3 a6 6. Bb3 Ba7 7. Nbd2 O-O 8. Nf1
d5 9. exd5 Nxd5 10. Ng3 Nf4 11. Bxf4 exf4 12. Ne4 Bg4 13. d4 Qe7 14. Qd3 Bf5
15. Nfd2 Rfe8 16. f3 Qh4+ 17. g3 fxg3 18. O-O-O gxh2 19. Qe2 Qf4 20. Rxh2 Bxd4
21. cxd4 Nxd4 22. Qg2 Nxb3+ 23. axb3 Re6 24. Kb1 Rd8 25. Rhh1 Rd5 26. Rhe1 h5
27. b4 Rd4 28. Ka2 Rxb4 29. b3 Rg6 30. Qf2 Rb5 31. Nc4 Be6 32. Rd8+ Kh7 33.
Ned2 Qf5 34. Re4 a5 35. Ra8 b6 36. Qh2 Bd5 37. Ne3 Qd7 38. Nxd5 Rxd5 39. Nc4 a4
40. Ree8 axb3+ 41. Ka3 Rgg5 42. f4 Ra5+ 43. Nxa5 Qd6+ 44. Kxb3 Rb5+ 45. Kc3
Qb4+ 46. Kd3 Rd5+ 47. Ke3 Qc3+ 48. Ke4 Qd3# 0-1

[Event "17. Obert Int. Sant Marti 2015"]
[Site "Barcelona ESP"]
[Date "2015.07.20"]
[Round "8.26"]
[White "Perpinya Rofes, Lluis Maria"]
[Black "Raja, Harshit"]
[Result "1-0"]
[WhiteElo "2398"]
[BlackElo "2205"]
[PlyCount "89"]
[EventDate "2015.07.13"]
[EventType "swiss"]
[EventRounds "9"]
[EventCountry "ESP"]
[SourceTitle "Ajedrez en Madrid"]
[Source "lmi"]
[SourceDate "2013.07.13"]
[SourceVersion "1"]
[SourceVersionDate "2019.06.24"]
[SourceQuality "1"]

1. e4 c5 2. Nf3 d6 3. d4 cxd4 4. Nxd4 Nf6 5. f3 Nc6 6. Be3 e5 7. Nb5 a6 8. N5c3
Be6 9. Nd5 Bxd5 10. exd5 Qa5+ 11. Nc3 Ne7 12. Bc4 b5 13. Bb3 b4 14. Ne4 Nf5 15.
Bf2 Be7 16. O-O O-O 17. a3 bxa3 18. Rxa3 Qd8 19. c3 Nxe4 20. fxe4 Nh6 21. Ba4
a5 22. Bc6 Rb8 23. Qe2 f5 24. exf5 Rxf5 25. Rfa1 Bh4 26. g3 Qg5 27. Rxa5 Qg6
28. Ra8 Rbf8 29. Rxf8+ Rxf8 30. Bd7 Bd8 31. b4 e4 32. Bd4 Bf6 33. Be6+ Nf7 34.
Bxf6 gxf6 35. Ra7 f5 36. Qf2 Kh8 37. Qd4+ Qg7 38. Qxg7+ Kxg7 39. Rxf7+ Rxf7 40.
Bxf7 Kxf7 41. Kf2 h5 42. Ke3 Kf6 43. Kf4 Ke7 44. h3 Kf7 45. g4 1-0

[Event "17. Obert Int. Sant Marti 2015"]
[Site "Barcelona ESP"]
[Date "2015.07.20"]
[Round "8.27"]
[White "Minko, Vladimir"]
[Black "Valdes Romero, Leonardo"]
[Result "1-0"]
[WhiteElo "2226"]
[BlackElo "2396"]
[PlyCount "161"]
[EventDate "2015.07.13"]
[EventType "swiss"]
[EventRounds "9"]
[EventCountry "ESP"]
[SourceTitle "Ajedrez en Madrid"]
[Source "lmi"]
[SourceDate "2013.07.13"]
[SourceVersion "1"]
[SourceVersionDate "2019.06.24"]
[SourceQuality "1"]

1. d4 Nf6 2. c4 g6 3. g3 Bg7 4. Bg2 O-O 5. Nf3 d5 6. cxd5 Nxd5 7. O-O Nc6 8.
Nc3 Nb6 9. e3 Re8 10. Nh4 Na5 11. f4 c5 12. dxc5 Bxc3 13. bxc3 Qxd1 14. Rxd1
Na4 15. Rd4 Nxc3 16. Rd3 Ne2+ 17. Kf2 Nxc1 18. Rxc1 Be6 19. Nf3 Red8 20. Nd4
Bd5 21. Bxd5 Rxd5 22. Ra3 b6 23. cxb6 axb6 24. Rac3 Rd7 25. Rc7 Ra7 26. Rxa7
Rxa7 27. Nb5 Rd7 28. Ke2 Rd5 29. Rc8+ Kg7 30. Nc7 Rd7 31. Ne8+ Kh6 32. Rc7 Rd8
33. Rxe7 Nc6 34. Re4 Ra8 35. a4 f5 36. Re6 Nb4 37. Nd6 Kg7 38. Re7+ Kf6 39. Rb7
Rxa4 40. Rxb6 Ra2+ 41. Kf3 Nd5 42. Rc6 Ke7 43. Nc8+ Kf7 44. Nd6+ Ke7 45. Nc8+
Kf7 46. Nd6+ Kf8 47. e4 Ra3+ 48. Kg2 Ne3+ 49. Kh3 fxe4 50. Nxe4 Nd5 51. Kg4
Ne3+ 52. Kg5 Ra5+ 53. Kf6 Ng4+ 54. Ke6 Nxh2 55. Nf6 Ra7 56. Rc8+ Kg7 57. Ne8+
Kh6 58. Rc1 Ra2 59. Rh1 g5 60. f5 g4 61. Kf6 Ra6+ 62. Kf7 Kg5 63. Rxh2 Kxf5 64.
Rf2+ Kg5 65. Nf6 Ra7+ 66. Ke6 Ra6+ 67. Ke5 Ra5+ 68. Nd5 h5 69. Rf8 Kg6 70. Rh8
Ra3 71. Ke6 Rb3 72. Rg8+ Kh6 73. Kf7 Rb7+ 74. Ne7 Rb3 75. Rg6+ Kh7 76. Re6 Rb7
77. Kf6 Rb3 78. Nf5 Rf3 79. Re7+ Kg8 80. Kg6 Kf8 81. Rh7 1-0

[Event "17. Obert Int. Sant Marti 2015"]
[Site "Barcelona ESP"]
[Date "2015.07.20"]
[Round "8.28"]
[White "Satyapragyan, Swayangsu"]
[Black "Nabuurs, Mart"]
[Result "1-0"]
[WhiteElo "2392"]
[BlackElo "2247"]
[PlyCount "121"]
[EventDate "2015.07.13"]
[EventType "swiss"]
[EventRounds "9"]
[EventCountry "ESP"]
[SourceTitle "Ajedrez en Madrid"]
[Source "lmi"]
[SourceDate "2013.07.13"]
[SourceVersion "1"]
[SourceVersionDate "2019.06.24"]
[SourceQuality "1"]

1. e4 c5 2. Nc3 Nc6 3. Nf3 e6 4. d4 cxd4 5. Nxd4 Qc7 6. f4 a6 7. Nxc6 bxc6 8.
Bd3 d5 9. O-O Nf6 10. Kh1 h5 11. Qf3 Ng4 12. Bd2 Be7 13. Rae1 Rb8 14. Nd1 f5
15. exf5 exf5 16. c4 d4 17. c5 O-O 18. b4 a5 19. a3 axb4 20. axb4 g6 21. Re2
Bf6 22. h3 Nh6 23. Nb2 Bd7 24. Nc4 Nf7 25. Qg3 Kg7 26. Ne5 Nxe5 27. fxe5 Be7
28. Bc4 Be8 29. Bd3 Bd7 30. Qf4 g5 31. Qxd4 Be6 32. Ref2 Rbd8 33. Qc3 f4 34.
Bb1 Qd7 35. Qf3 Rh8 36. Qe4 Rh6 37. Bc3 Qd5 38. Qxd5 Bxd5 39. Rd2 Rf8 40. Ba2
Bxa2 41. Rxa2 Re6 42. Rd2 Kg6 43. Rd7 g4 44. Kg1 gxh3 45. gxh3 Kf5 46. Kf2 Bh4+
47. Ke2 Rg6 48. Rd4 Rg2+ 49. Kd3 Bg3 50. Rd6 Rc8 51. Rf6+ Kg5 52. Kc4 Rc2 53.
Kb3 Rh2 54. Ra1 Rxh3 55. Ra7 Rh1 56. Rg7+ Kh4 57. e6 Ra8 58. e7 Be1 59. Rxf4+
Kh3 60. Rf3+ Kh4 61. Bf6# 1-0

[Event "17. Obert Int. Sant Marti 2015"]
[Site "Barcelona ESP"]
[Date "2015.07.20"]
[Round "8.29"]
[White "Chirivi C, Jenny Astrid"]
[Black "Mosquera, Miguel"]
[Result "1-0"]
[WhiteElo "2218"]
[BlackElo "2375"]
[PlyCount "51"]
[EventDate "2015.07.13"]
[EventType "swiss"]
[EventRounds "9"]
[EventCountry "ESP"]
[SourceTitle "Ajedrez en Madrid"]
[Source "lmi"]
[SourceDate "2013.07.13"]
[SourceVersion "1"]
[SourceVersionDate "2019.06.24"]
[SourceQuality "1"]

1. d4 d5 2. c4 e5 3. dxe5 d4 4. Nf3 Nc6 5. g3 Bg4 6. Bg2 Qd7 7. O-O O-O-O 8.
Qa4 Kb8 9. e6 Bxe6 10. Rd1 Nf6 11. Bg5 Bh3 12. Nc3 Bxg2 13. Kxg2 Qe6 14. Bxf6
gxf6 15. Nd5 Qxe2 16. Re1 Qd3 17. Rad1 Qg6 18. Nxd4 Nxd4 19. Rxd4 Bd6 20. Rde4
c6 21. Ne7 Qg5 22. R1e3 Bc5 23. h4 Qh5 24. Nxc6+ Ka8 25. Nxd8 Bxe3 26. Qd7 1-0

[Event "17. Obert Int. Sant Marti 2015"]
[Site "Barcelona ESP"]
[Date "2015.07.20"]
[Round "8.30"]
[White "Shashikant, Kutwal"]
[Black "Vittorino, Carlo Giovanni"]
[Result "1/2-1/2"]
[WhiteElo "2202"]
[BlackElo "2301"]
[PlyCount "74"]
[EventDate "2015.07.13"]
[EventType "swiss"]
[EventRounds "9"]
[EventCountry "ESP"]
[SourceTitle "Ajedrez en Madrid"]
[Source "lmi"]
[SourceDate "2013.07.13"]
[SourceVersion "1"]
[SourceVersionDate "2019.06.24"]
[SourceQuality "1"]

1. e4 c5 2. Nf3 d6 3. d4 cxd4 4. Nxd4 Nf6 5. Nc3 Nc6 6. Bc4 Bd7 7. O-O g6 8.
Nxc6 Bxc6 9. Bg5 Bg7 10. Nd5 Bxd5 11. exd5 O-O 12. Re1 Qd7 13. Qf3 Rfc8 14. Bb3
Rc7 15. Re2 h6 16. Bh4 g5 17. Bg3 Qg4 18. Qd3 Nh5 19. c3 Nxg3 20. fxg3 b5 21.
Rf1 b4 22. Re4 Qh5 23. Rxb4 Qg6 24. Qe2 Be5 25. Bc2 Qg7 26. Qh5 a5 27. Re4 Rb7
28. Re2 Rab8 29. Ref2 Bf6 30. b3 Rc7 31. Rf3 Rxc3 32. Rxc3 Bxc3 33. Kh1 Rc8 34.
Qg4 Rc5 35. Bd3 Be5 36. Qd7 Rc3 37. Bc4 Bf6 1/2-1/2

[Event "17. Obert Int. Sant Marti 2015"]
[Site "Barcelona ESP"]
[Date "2015.07.20"]
[Round "8.31"]
[White "Aprea, Daniele"]
[Black "Nabuurs, Joep"]
[Result "0-1"]
[WhiteElo "1923"]
[BlackElo "2293"]
[PlyCount "132"]
[EventDate "2015.07.13"]
[EventType "swiss"]
[EventRounds "9"]
[EventCountry "ESP"]
[SourceTitle "Ajedrez en Madrid"]
[Source "lmi"]
[SourceDate "2013.07.13"]
[SourceVersion "1"]
[SourceVersionDate "2019.06.24"]
[SourceQuality "1"]

1. d4 Nf6 2. Nf3 e6 3. Bf4 c5 4. e3 b6 5. Bd3 Be7 6. h3 O-O 7. O-O Bb7 8. Nbd2
cxd4 9. exd4 d6 10. c3 Nbd7 11. Qe2 Re8 12. Ne4 Nxe4 13. Bxe4 Bxe4 14. Qxe4 Nf6
15. Qd3 Qd7 16. c4 a6 17. b3 b5 18. Rfc1 Rec8 19. Rc2 Qb7 20. Rac1 bxc4 21.
Rxc4 h6 22. Qc2 Rxc4 23. Qxc4 Nd5 24. Bd2 a5 25. Qc6 Qxc6 26. Rxc6 Kf8 27. Bxa5
Rxa5 28. Rc8+ Bd8 29. Rxd8+ Ke7 30. Rb8 Rxa2 31. Rb7+ Kf6 32. Rd7 Ra6 33. Nd2
Nc3 34. Kh2 d5 35. Nf3 Ne2 36. Rb7 Ra1 37. g3 Rd1 38. Rb4 Rd3 39. Kg2 g5 40.
Rb8 Nxd4 41. Nxd4 Rxd4 42. Kf3 Rd2 43. b4 Rb2 44. b5 Ke5 45. b6 f5 46. b7 h5
47. Ke3 Rb3+ 48. Kd2 Kd4 49. Kc2 Rb6 50. Re8 Rxb7 51. Rxe6 Ra7 52. Kb2 Rh7 53.
Rg6 g4 54. h4 Ke4 55. Rf6 Rc7 56. Rh6 Kf3 57. Rxh5 Rf7 58. Rg5 Kxf2 59. h5 Kxg3
60. h6 f4 61. Rg7 Rf6 62. h7 Rh6 63. Kc3 Kf3 64. Kd4 g3 65. Ra7 g2 66. Ra1 Rxh7
0-1

[Event "17. Obert Int. Sant Marti 2015"]
[Site "Barcelona ESP"]
[Date "2015.07.20"]
[Round "8.32"]
[White "Juan Bartroli, Pau"]
[Black "Piasetski, Leon"]
[Result "1-0"]
[WhiteElo "2195"]
[BlackElo "2289"]
[PlyCount "129"]
[EventDate "2015.07.13"]
[EventType "swiss"]
[EventRounds "9"]
[EventCountry "ESP"]
[SourceTitle "Ajedrez en Madrid"]
[Source "lmi"]
[SourceDate "2013.07.13"]
[SourceVersion "1"]
[SourceVersionDate "2019.06.24"]
[SourceQuality "1"]

1. d4 Nf6 2. c4 e6 3. Nc3 Bb4 4. Qc2 Nc6 5. Nf3 d6 6. Bd2 O-O 7. a3 Bxc3 8.
Bxc3 Qe7 9. e4 e5 10. d5 Nb8 11. Be2 a5 12. c5 Bg4 13. cxd6 cxd6 14. O-O Nbd7
15. Ne1 Bxe2 16. Qxe2 Nc5 17. f3 Qd7 18. b4 Nb3 19. Rb1 a4 20. Rd1 Rac8 21. Bb2
Qc7 22. Nd3 Qb6+ 23. Kh1 Nd4 24. Qf2 Rc4 25. Bxd4 Rxd4 26. Qc2 Qa6 27. Nb2 Rxd1
28. Rxd1 b5 29. Rc1 Qa7 30. Nd1 Ne8 31. Qf2 Qd7 32. Qb6 f5 33. Nf2 g6 34. Kg1
Qe7 35. Qxb5 Qa7 36. exf5 gxf5 37. Qc6 e4 38. b5 Qe3 39. b6 Nf6 40. b7 Nd7 41.
Qc3 Qxc3 42. Rxc3 Nc5 43. fxe4 Nxb7 44. Rc7 Na5 45. Ra7 Nb3 46. Rxa4 Nc5 47.
Rc4 Re8 48. Kf1 fxe4 49. Ke2 Ra8 50. Nxe4 Nxe4 51. Rxe4 Rxa3 52. Re6 Ra6 53.
Kf3 Kg7 54. h3 Ra3+ 55. Kg4 Ra6 56. Kf5 Kf7 57. g4 Kf8 58. h4 Kf7 59. g5 Rb6
60. h5 Rb1 61. g6+ hxg6+ 62. hxg6+ Kg7 63. Re7+ Kf8 64. Ra7 Re1 65. Kf6 1-0

[Event "17. Obert Int. Sant Marti 2015"]
[Site "Barcelona ESP"]
[Date "2015.07.20"]
[Round "8.33"]
[White "Dalo, Hermes"]
[Black "Ivana Maria, Furtado"]
[Result "1-0"]
[WhiteElo "2274"]
[BlackElo "2236"]
[PlyCount "109"]
[EventDate "2015.07.13"]
[EventType "swiss"]
[EventRounds "9"]
[EventCountry "ESP"]
[SourceTitle "Ajedrez en Madrid"]
[Source "lmi"]
[SourceDate "2013.07.13"]
[SourceVersion "1"]
[SourceVersionDate "2019.06.24"]
[SourceQuality "1"]

1. d4 e6 2. c4 d5 3. Nc3 Nf6 4. cxd5 exd5 5. Bg5 Be7 6. e3 c6 7. Bd3 Nbd7 8.
Nf3 Nf8 9. Qc2 Ne6 10. Bh4 g6 11. O-O-O O-O 12. h3 b6 13. Ne5 Bb7 14. f4 c5 15.
f5 Ng7 16. g4 cxd4 17. exd4 Ne4 18. Bxe7 Qxe7 19. Bxe4 dxe4 20. fxg6 hxg6 21.
Kb1 Ne6 22. d5 Nc5 23. Nc4 Ba6 24. Rd4 b5 25. Na5 b4 26. Nc6 Qf6 27. Nxe4 Qxd4
28. Nxd4 Bd3 29. Nxc5 Bxc2+ 30. Kxc2 Rfe8 31. Kd3 Rad8 32. Kc4 Kg7 33. Rh2 Re1
34. Re2 Rc1+ 35. Rc2 Re1 36. Nc6 Rd6 37. Nxa7 Rh1 38. Nb5 Rd8 39. d6 Rxh3 40.
Kxb4 Rg3 41. Rc4 Rg2 42. b3 Rxa2 43. Nb7 Rb8 44. d7 Rd2 45. Rc7 Kf6 46. Na7 Ke6
47. Nc6 Rxb7+ 48. Rxb7 Rxd7 49. Rxd7 Kxd7 50. Kc5 f5 51. gxf5 gxf5 52. Kd5 Kc7
53. Nd4 Kb6 54. b4 Ka6 55. Ke5 1-0

[Event "17. Obert Int. Sant Marti 2015"]
[Site "Barcelona ESP"]
[Date "2015.07.20"]
[Round "8.34"]
[White "Garcia Blanco, Omar"]
[Black "Glimbrant, Torbjorn"]
[Result "1-0"]
[WhiteElo "2292"]
[BlackElo "2197"]
[PlyCount "119"]
[EventDate "2015.07.13"]
[EventType "swiss"]
[EventRounds "9"]
[EventCountry "ESP"]
[SourceTitle "Ajedrez en Madrid"]
[Source "lmi"]
[SourceDate "2013.07.13"]
[SourceVersion "1"]
[SourceVersionDate "2019.06.24"]
[SourceQuality "1"]

1. e4 c5 2. c3 e6 3. d4 d5 4. exd5 exd5 5. Bb5+ Bd7 6. Bxd7+ Nxd7 7. dxc5 Nxc5
8. Be3 Nf6 9. Nf3 Be7 10. Bxc5 Bxc5 11. Qe2+ Qe7 12. Qxe7+ Kxe7 13. O-O Rhe8
14. Nbd2 Kf8 15. Nb3 Bb6 16. Nbd4 a6 17. Rad1 g6 18. Rd3 Rad8 19. Rfd1 Ne4 20.
Kf1 Nc5 21. R3d2 Ne4 22. Re2 h6 23. Ne1 Nd6 24. Rc2 Nc4 25. Nef3 Kg7 26. Ne2 g5
27. Nfd4 Kg6 28. b3 Nd6 29. Rcd2 Ne4 30. Rd3 f5 31. f3 Nf6 32. Nc2 a5 33. R1d2
Rc8 34. Ncd4 h5 35. Nb5 Be3 36. Nd6 Bxd2 37. Nxc8 Rxc8 38. Rxd2 f4 39. h4 b5
40. hxg5 Kxg5 41. Rd4 a4 42. bxa4 bxa4 43. Rxa4 Rc5 44. Rxf4 Ra5 45. a4 Nd7 46.
Rb4 Kf6 47. Nf4 h4 48. Ne2 h3 49. gxh3 Ne5 50. h4 Kg7 51. Kg2 Kh6 52. Rf4 Ng6
53. Rd4 Rc5 54. Rb4 Kh5 55. Kg3 Ne7 56. Rb6 Nf5+ 57. Kf4 d4 58. cxd4 Rc2 59.
Kxf5 Rxe2 60. d5 1-0